Plánovanie prípravy kádrov, výber a príprava kádrových rezerv v národných výboroch záverečná práca postgraduálneho štúdia

Saved in:
Bibliographic Details
Main Author: Dúcka, Gabriela
Corporate Author: Vysoká škola ekonomická v Bratislave
Other Authors: Kováč, Ladislav
Format: Book
Language:Slovak
Published: Bratislava 1988
Tags: Add Tag
No Tags, Be the first to tag this record!

MARC

LEADER 00000nam a2200000 4500
001 c037621
005 20221219091956.4
041 0 |a slo 
044 |a SK 
245 1 0 |a Plánovanie prípravy kádrov, výber a príprava kádrových rezerv v národných výboroch  |b záverečná práca postgraduálneho štúdia  |c Gabriela Dúcka ; ved. práce Ladislav Kováč 
264 1 |a Bratislava  |c 1988 
300 |a 74 s. 
100 1 |a Dúcka, Gabriela 
700 1 |a Kováč, Ladislav 
710 2 |a Vysoká škola ekonomická v Bratislave